འབྲུག་རང་ལུགས་གསོ་བ་རིག་པའི་ནད་ཀྱི་དབྱེ་རྟགས་སྣང་གསལ་སྒྲོན་མེ། ཐོན་རིམ་༢་པ། (Record no. 1186)

MARC details
000 -LEADER
fixed length control field 00952nam a2200241 4500
001 - CONTROL NUMBER
control field 1588
005 - DATE AND TIME OF LATEST TRANSACTION
control field 20210210105456.0
008 - FIXED-LENGTH DATA ELEMENTS--GENERAL INFORMATION
fixed length control field 210210b ||||| |||| 00| 0 eng d
020 00 - INTERNATIONAL STANDARD BOOK NUMBER
International Standard Book Number 9789993676249
090 00 - LOCALLY ASSIGNED LC-TYPE CALL NUMBER (OCLC); LOCAL CALL NUMBER (RLIN)
Classification number (OCLC) (R) ; Classification number, CALL (RLIN) (NR) 616.012 G287b 2010
100 00 - MAIN ENTRY--PERSONAL NAME
Personal name Gayle, Karma.
245 00 - TITLE STATEMENT
Title འབྲུག་རང་ལུགས་གསོ་བ་རིག་པའི་ནད་ཀྱི་དབྱེ་རྟགས་སྣང་གསལ་སྒྲོན་མེ། ཐོན་རིམ་༢་པ།
Statement of responsibility, etc. Karma Gayle.
246 ## - VARYING FORM OF TITLE
Title proper/short title Druk rang-lug sowa regpay nga ki jatag ngasel den mey.
250 00 - EDITION STATEMENT
Edition statement 2nd ed.
260 00 - PUBLICATION, DISTRIBUTION, ETC.
Place of publication, distribution, etc. Thimphu :
Name of publisher, distributor, etc. National Traditional Medicine Hospital,
Date of publication, distribution, etc. 2010.
300 00 - PHYSICAL DESCRIPTION
Extent 318 p.
500 00 - GENERAL NOTE
General note In Dzongkha.
650 00 - SUBJECT ADDED ENTRY--TOPICAL TERM
Topical term or geographic name entry element Diseases --Classification.
Topical term or geographic name entry element Medicine, Traditional --Bhutan.
Topical term or geographic name entry element Medicine, Traditional.
710 ## - ADDED ENTRY--CORPORATE NAME
Corporate name or jurisdiction name as entry element Department of Medical Services, Ministry of Health.
942 ## - ADDED ENTRY ELEMENTS (KOHA)
Source of classification or shelving scheme Dewey Decimal Classification
Koha item type Dzongkha
Holdings
Withdrawn status Lost status Source of classification or shelving scheme Damaged status Not for loan Collection code Home library Current library Shelving location Serial Enumeration / chronology Inventory number Total Checkouts Full call number Barcode Date last seen Price effective from Koha item type
    Dewey Decimal Classification     Dzongkha RTC Library RTC Library Dzongkha 4423   616.012 NAT 30005109 27/11/2018 27/11/2018 Dzongkha
Royal Thimphu College || All Right Reserved